Las organizaciones del mañana: desafíos y estrategias

সংরক্ষণ করুন:
গ্রন্থ-পঞ্জীর বিবরন
প্রধান লেখক: Jun, Jong S (Author), Storm, William B (Author)
বিন্যাস: গ্রন্থ
ভাষা:স্প্যানিশ
প্রকাশিত: Ciudad de México Trillas 1980
মালা:Biblioteca de Ciencias de la Administración
বিষয়গুলি:
ট্যাগগুলো: ট্যাগ যুক্ত করুন
কোনো ট্যাগ নেই, প্রথমজন হিসাবে ট্যাগ করুন!

MARC

LEADER 00000nam a2200000 a 4500
001 UCR9598
003 CL-VaPUC
008 980613e19800300MX |||||||||||||||||spa|d
082 0 4 |a 302.35  |b JUN  |2 21 
100 0 |a Jun, Jong S  |e author  |9 412301 
700 0 |a Storm, William B  |e author  |9 412302 
245 1 4 |a Las organizaciones del mañana: desafíos y estrategias 
300 |a 504 p 
942 |c BK 
945 |d 19980613 00:00:00  |a cmena 
260 |a Ciudad de México  |b Trillas  |c 1980 
650 7 |a SOCIOLOGIA INDUSTRIAL  |2 CL-VaPUC  |9 307184 
650 0 |a Cambio social   |9 256857 
650 7 |a MEDIO AMBIENTE LABORAL  |2 CL-VaPUC  |9 380233 
650 0 |a Adaptación   |9 269588 
650 0 |a Psicología industrial  |9 271739 
650 0 |a Administración de empresas   |9 260833 
650 0 |a Motivación   |9 315362 
650 0 |a Desarrollo organizacional  |9 356124 
583 |a last modification  |c 19980613 00:00:00  |k Rodrigo Vera 
490 0 |a Biblioteca de Ciencias de la Administración 
999 |c 270784  |d 270782 
952 |0 0  |1 0  |4 0  |6 302_350000000000000_JUN_1980  |7 0  |8 A  |9 305185  |a BIBGIM  |b BIBGIM  |d 2019-11-20  |i 1419382  |o 302.35 JUN 1980  |p 1419382  |r 2025-01-15  |w 2019-11-20  |y BK  |k COM